| 000 | 00482nam a22001577a 4500 | ||
|---|---|---|---|
| 005 | 20251108171230.0 | ||
| 008 | 250721s9999 xx 000 0 ara d | ||
| 082 | 1 | 4 | _aم/216/قرا |
| 245 | 1 | 0 |
_aالقرآن الكريم : _bبالرسم العثماني / |
| 264 | 1 |
_aبيروت : _bالمؤسسة العربية للدراسات و النشر، |
|
| 300 | _a604ص | ||
| 650 | 1 | 7 | _aالقرآن الكريم |
| 650 | 1 | 7 | _aالمصاحف |
| 942 |
_2ddc _cREF |
||
| 999 |
_c59998 _d59998 |
||